El individuo y las razas (Registro nro. 162405)

Detalles MARC
000 -LEADER
campo de control de longitud fija 00880nam a22001935i 4500
001 - NÚMERO DE CONTROL
campo de control 162405
003 - IDENTIFICADOR DE NÚMERO DE CONTROL
campo de control ES-MaACL
005 - FECHA Y HORA DE LA ÚLTIMA TRANSACCIÓN
campo de control 20250727021741.0
008 - DATOS DE LONGITUD FIJA--INFORMACIÓN GENERAL
campo de control de longitud fija 990715s1900 cu |||| | spa d
040 ## - FUENTE DE CATALOGACIÓN
Centro catalogador/agencia de origen CCPB | B
Lengua de catalogación spa
Centro/agencia transcriptor CCPB | B
100 1# - ENTRADA PRINCIPAL--NOMBRE DE PERSONA
Nombre de persona Poncela y Santiuste, Mariano.
9 (RLIN) 131259
245 13 - MENCIÓN DEL TÍTULO
Título El individuo y las razas
Resto del título : estudiados en si mismos y en la historia : tesis presentada para optar al grado de doctor en filosofia y letras /
Mención de responsabilidad, etc. por el licenciado Mariano Poncela y Santiuste.
260 ## - PUBLICACIÓN, DISTRIBUCIÓN, ETC.
Lugar de publicación, distribución, etc. Habana :
Nombre del editor, distribuidor, etc. [s.n.],
Fecha de publicación, distribución, etc. 1900 (
Fabricante imprenta Teniente-Rey)
300 ## - DESCRIPCIÓN FÍSICA
Extensión [2], VIII, [2], 200, [2] p. ;
Dimensiones 21 cm.
594 ## - Nota al título y mención de responsabilidad
Nota al título y mención de responsabilidad Precede al tít.: "Universidad de La Habana"
650 #7 - PUNTO DE ACCESO ADICIONAL DE MATERIA--TÉRMINO DE MATERIA
Término de materia o nombre geográfico como elemento de entrada Antropología cultural y social
Fuente del encabezamiento o término embne
9 (RLIN) 9867
852 ## - LOCALIZACIÓN
Ubicación ES-MaACL
Número de control de estantería T-1006-F-8
Nota libre -- Enc. hol., conservando la cub. original
-- -- Enc. en un vol. facticio
Existencias
Estatus retirado Estado de pérdida Estado de daño No para préstamo Colección Biblioteca de origen Biblioteca actual Ubicación en estantería Fecha de adquisición Total de préstamos Signatura topográfica completa Código de barras Visto por última vez Precio de reemplazo Tipo de ítem Koha
        Colección de folletos Biblioteca del Ateneo de Madrid Biblioteca del Ateneo de Madrid Depósito folletos 17/01/2008   T-1006-F-8 1170141 23/02/2023 23/02/2023 Folleto